| 000 -ლიდერი |
| ფიქსირებული სიგრძის საკონტროლო ველი |
02002nam a22002657a 4500 |
| 003 - საკონტროლო ნომრის იდენტიფიკატორი |
| საკონტროლო ველი |
Ge_BSU |
| 005 - ბოლო ოპერაციის თარიღი და დრო |
| საკონტროლო ველი |
20250609171852.0 |
| 008 - ფიქსირებული სიგრძის მონაცემთა ელემენტები - ზოგადი ინფორმაცია |
| ფიქსირებული სიგრძის საკონტროლო ველი |
250609s2023 ge ||||| |||| 00| 0 geo d |
| 020 ## - წიგნის საერთაშორისო სტანდარტული ნომერი |
| International Standard Book Number |
9789941316524 |
| 041 ## - ენის კოდი |
| Language code of text/sound track or separate title |
geo |
| 080 ## - უნივერსალური ათობითი კლასიფიკაციის ინდექსი |
| Universal Decimal Classification number |
51(075.8) მ-15 |
| 245 ## - ცნობა სათაურის შესახებ |
| Title |
მათემატიკა : მე-2 კლასი : |
| Remainder of title |
მოსწავლის წიგნი. ნაწ. 2 / |
| Statement of responsibility, etc |
გურამ გოგიშვილი, თეიმურაზ ვეფხვაძე, ია მებონია, ლამარა ქურჩიშვილი; რედაქტორი თეიმურაზ ვეფხვაძე; მხატვარი ნანა მიქაბერიძე; გარეკანის დიზაინერები: გურამ გოგიშვილი, ილია ხელაია. |
| 250 ## - გამოცემის ცნობა |
| Edition statement |
პირველი გამოცემა |
| 264 ## - წარმოების, გამოცემის, დისტრიბუციის და სხვა ცნობები |
| გამოცემის, წარმოების, დისტრიბუციის... ადგილი |
თბილისი : |
| გამოცემის, წარმოების, დისტრიბუციის... სახელწოდება |
ინტელექტი, |
| გამოცემის, წარმოების, დისტრიბუციის... თარიღი |
2023. |
| 300 ## - ფიზიკური აღწერა |
| Extent |
112 გვ. : |
| Other physical details |
ილ.; |
| Dimensions |
28 სმ. |
| 500 ## - ზოგადი შენიშვნა |
| General note |
გრიფმინიჭებულია საქართველოს განათლებისა და მეცნიერების სამინისტროს მიერ 2023 წელს |
| 653 ## - INDEX TERM--UNCONTROLLED |
| Uncontrolled term |
მათემატიკა |
| 700 ## - ADDED ENTRY--PERSONAL NAME |
| Personal name |
გოგიშვილი, გურამ |
| Relator term |
ავტორი, გარეკანის დიზაინერი |
| 9 (RLIN) |
25330 |
| 700 ## - ADDED ENTRY--PERSONAL NAME |
| Personal name |
ვეფხვაძე, თეიმურაზ |
| Relator term |
ავტორი, რედაქტორი |
| 9 (RLIN) |
25331 |
| 700 ## - ADDED ENTRY--PERSONAL NAME |
| Personal name |
მებონია, ია |
| Relator term |
ავტორი |
| 9 (RLIN) |
25332 |
| 700 ## - ADDED ENTRY--PERSONAL NAME |
| Personal name |
ქურჩიშვილი, ლამარა |
| Relator term |
ავტორი |
| 9 (RLIN) |
25333 |
| 700 ## - ADDED ENTRY--PERSONAL NAME |
| Personal name |
მიქაბერიძე, ნანა |
| Relator term |
მხატვარი |
| 9 (RLIN) |
25287 |
| 700 ## - ADDED ENTRY--PERSONAL NAME |
| Personal name |
ხელაია, ილია |
| Relator term |
გარეკანის დიზაინერი |
| 9 (RLIN) |
25334 |
| 942 ## - ADDED ENTRY ELEMENTS (KOHA) |
| Source of classification or shelving scheme |
|
| Koha item type |
წიგნი |